000 00669cam a22002173a 4500
001 19643
003 PGUSA
005 20140828083421.0
008 061027s2006||||xxu|||||s|||||000 | eng d
040 _aPGUSA
_beng
042 _adc
050 4 _aF2801
245 1 0 _aActas capitulares desde el 21 hasta el 25 de mayo de 1810 en Buenos Aires
_h[electronic resource] /
_cAnonymous
260 _bProject Gutenberg,
_c2006
506 _aPublic domain in the USA.
516 _aElectronic text
653 _aArgentina -- History -- War of Independence, 1810-1817
830 0 _aProject Gutenberg
_v19643
856 4 0 _uhttp://www.gutenberg.org/ebooks/19643
942 _cEB
999 _c248898
_d248898